Skeleton / (Record no. 5184)

MARC details
000 -LEADER
fixed length control field 10807nam a22002657a 4500
001 - CONTROL NUMBER
control field 5184
003 - CONTROL NUMBER IDENTIFIER
control field FISKH
005 - DATE AND TIME OF LATEST TRANSACTION
control field 20241118123112.0
008 - FIXED-LENGTH DATA ELEMENTS--GENERAL INFORMATION
fixed length control field 241118b cb ||||| |||| 00| 0 eng d
020 ## - INTERNATIONAL STANDARD BOOK NUMBER
International Standard Book Number 9780789490834
040 ## - CATALOGING SOURCE
Original cataloging agency FISKH
Language of cataloging eng
Transcribing agency FISKH
Modifying agency FISKH
050 ## - LIBRARY OF CONGRESS CALL NUMBER
Classification number QL821.P2
082 ## - DEWEY DECIMAL CLASSIFICATION NUMBER
Classification number 596.0471
100 ## - MAIN ENTRY--PERSONAL NAME
Personal name Parker, Steve
245 ## - TITLE STATEMENT
Title Skeleton /
Statement of responsibility, etc. by Steve Parker
250 ## - EDITION STATEMENT
Edition statement First American Edition , 1988
260 ## - PUBLICATION, DISTRIBUTION, ETC.
Place of publication, distribution, etc. London :
Name of publisher, distributor, etc. Dorling Kindersley ;
Date of publication, distribution, etc. 1988 .
300 ## - PHYSICAL DESCRIPTION
Extent 63 pages :
Other physical details color illustrations ;
Dimensions 29 cm .
490 ## - SERIES STATEMENT
Series statement Eyewitness Books
520 ## - SUMMARY, ETC.
Summary, etc. Discusses the evolution, structure, and function of the human and animal skeletal systems.
650 ## - SUBJECT ADDED ENTRY--TOPICAL TERM
Topical term or geographic name entry element Skeleton
Form subdivision Juvenile Literature
700 ## - ADDED ENTRY--PERSONAL NAME
Personal name Mitchell, Sophie
Relator term Project editor
942 ## - ADDED ENTRY ELEMENTS (KOHA)
Source of classification or shelving scheme Dewey Decimal Classification
Koha item type Books
Suppress in OPAC No
Holdings
Withdrawn status Lost status Source of classification or shelving scheme Damaged status Not for loan Collection Home library Current library Shelving location Date acquired Total Checkouts Full call number Barcode Date last seen Price effective from Koha item type
    Dewey Decimal Classification     Non-Fiction Footprints International School Library Network Toul Kork Campus Footprints International School Library Network Toul Kork Campus TTP Secondary Non-Fiction Bookshelves 11/18/2024   PAR 596.0471 QL821.P2 FIS01559 11/18/2024 11/18/2024 Books